000 00208 a2200097 4500
001 18230
100 _aDurant, W
245 _aOur oriental hertiage
260 _a
_bSimon & Schuster
_c
090 _c13524
_d13524
942 _aNUST-CAE
_cM
_c3919
999 _c253303
_d253303